000 00831nam a2200205Ii 4500
003 JO-AjNU
008 230605s9999||||xx |||||||||||||| ||und||
040 _aJO-AjNU
_bara
_erda
_cJO-AjNU
041 _aara
050 1 4 _aLB1032.A2864 2005
100 3 _aأبو النصر،حمزة حمزة مؤلف/جمل،محمد جهاد م.مشارك,
_eauthor
_921652
245 0 0 _aالتعلم التعاوني الفلسفة والممارسة:التعلم في المجموعات التعاونية ،المدرسة التعاونية،الإنضباط التعاوني
250 _aط1
264 3 1 _aالعين:دار الكتاب الجامعي،2005
300 _a265ص
336 _atext
_btxt
_2rdacontent
337 _aunmediated
_bn
_2rdamedia
338 _avolume
_bnc
_2rdacarrier
650 4 _aتعليم تعاوني
_921653
999 _aA7557
_c11125
_d11125